| 000 | 00860nam a2200241 a 4500 | ||
|---|---|---|---|
| 003 | DO-SdBNP | ||
| 005 | 20260302100709.0 | ||
| 007 | ta | ||
| 008 | 221202e2007 dr ad||gr|||| 00| 0dspa d | ||
| 040 |
_aDO-SdBNP _bspa _cBNPHU |
||
| 082 | 4 |
_222 _bA473r |
|
| 100 | 1 |
_aÁlvarez Bogaert, Fernando, _d1941- _96927 |
|
| 245 | 1 | 0 |
_aDistinguidos visitantes: _ben búsqueda de la verdad no descubierta. / _cFernando Álvarez Bogaert, |
| 264 |
_aSanto Domingo : _bCentenario, _c2007 |
||
| 300 |
_a[20] p. : _bil., gráf. ; _c17 cm. |
||
| 490 |
_aReflexión sobre la Actualidad Dominicana ; _v1 |
||
| 590 | _aInventariado 2022 / MF | ||
| 650 | 4 |
_981616 _aHatí _xEmigración e Inmigración _zRepública Dominicana |
|
| 650 | 0 |
_aHistoria social _y _978961 |
|
| 651 | 4 |
_95923 _aRepública Dominicana _xEmigración e Inmigración _zHaití |
|
| 910 | _aMFeliz | ||
| 942 |
_2ddc _cLF2 |
||
| 999 |
_c53047 _d53047 |
||